000 00302nam a22001337a 4500
008 181015b xxu||||| |||| 00| 0 eng d
020 _a2900006611447
041 _aeng
080 _a311
100 _a55
101 _aSTA
245 _aThe Basic Practice of Statistics
_cMoore, D.S
942 _2udc
_cBK
999 _c49753
_d49753